Návrh komunikačnej kampane pre Centrum Arkáda diplomová práca

Guardado en:
Detalles Bibliográficos
Autor principal: Kováčová, Eva
Autor Corporativo: Obchodná fakulta EU. Katedra marketingu
Otros Autores: Klepochová, Dagmar, 1968-
Formato: Libro
Lenguaje:eslovaco
Publicado: Bratislava 2019
Etiquetas: Agregar Etiqueta
Sin Etiquetas, Sea el primero en etiquetar este registro!

MARC

LEADER 00000nbm a2200000 4500
001 0254003
005 20190704135025.1
041 0 |a slo 
044 |a SK 
245 1 0 |a Návrh komunikačnej kampane pre Centrum Arkáda  |b diplomová práca  |c Eva Kováčová ; školiteľ: Dagmar Klepochová 
264 1 |a Bratislava  |c 2019 
300 |a 73 s. 
100 1 |a Kováčová, Eva 
700 1 |a Klepochová, Dagmar, 1968- 
710 2 |a Obchodná fakulta EU. Katedra marketingu